| 000 | 00508nam a2200157 i 4500 | ||
|---|---|---|---|
| 001 | 38938 | ||
| 003 | ES-MaACL | ||
| 007 | t| | ||
| 008 | 030226s1916 sp ||||1| spa d | ||
| 100 | 1 |
_aCalvo y Conejo, Manuel. _933923 |
|
| 245 | 1 | 0 |
_aIncompatibilidades e incapacidades parlamentarias (1810-1910) / _cpor Manuel Calvo Conejo. |
| 260 |
_aMadrid : _bValentín Tordesillas, _c1916] |
||
| 300 |
_aVIII, 692 p. ; _c23 cm. |
||
| 500 | _aPrecede al tít.: Congreso de los Diputados. | ||
| 852 |
_aES-MaACL _jG-6106 |
||
| 999 |
_c38938 _d38938 |
||